000 01766cam a22004934i 4500
003 PE-LiUPU
005 20250731173030.0
008 150706s2010 miu rb 000 0 eng d
020 _a0982784902
020 _a9780982784907
035 _a(Sirsi) a238327
040 _aPE-LiUPU
_bspa
_cPE-LiUPU
_erda
049 _aPRUA
082 0 4 _a248.2
_bE5
_220
245 0 0 _aEncountering God in life and mission :
_ba festschrift honoring Jon L. Dybdahl /
_cRudi, Maier [editor].
264 1 _aBerrien Springs, Michigan :
_bDepartament of World Mission, Andrews University,
_c2010.
300 _axxvii, 479 páginas ;
_c23 centímetros.
336 _atext
_2rdacontent
337 _aunmediated
_2rdamedia
338 _avolume
_2rdacarrier
490 0 _aAndrews University mission studies ;
_v7
504 _aBibliografía : páginas 415-463.
505 0 _aSpiritual encounters -- Theological encounters -- Mision encounters -- Religion encounters.
526 _aSEG42
526 _aSEG41
526 _aSEG40
526 _aSEG39
526 _aP94
526 _aP87
526 _aP86
526 _aP85
526 _aP77
526 _aP76
526 _aP35
650 0 4 _aMisiones.
650 0 4 _aTeología.
910 _ajck
_bncf
_cncf
_d20170817
942 _2ddc
_cBOOK
949 _a248. 2 E5
_wDEWEY
_c1
_i76813
_lCCODEBUL1
_mBUL
_p10.00
_r0
_sY
_tBOOK
_u2017-08-17
_xTEOLOGIA
_PP35
_o.STAFF. Colección Teología
994 _aC0
_bPEPRU
596 _a1
999 _a248.2 E5
_wDEWEY
_c25016
_i76813
_d25016
_f2021-11-10
_g4
_lCCODEBUL1
_mBUL
_p10.00
_q1
_r0
_sY
_tBOOK
_u2017-8-17
_xTEOLOGIA
_PP35
_0COMPRA
_o.STAFF. Colección Teología
980 _81
_gALBERTO SANCHEZ Responsable de Automatización